| 000 | 00504nam a2200181Ia 4500 | ||
|---|---|---|---|
| 008 | 230917s9999||||xx |||||||||||||| ||und|| | ||
| 020 | _cRS325 | ||
| 040 |
_e228222 _aMAIN |
||
| 041 | _aEnglish | ||
| 082 | _a658.4092 M698L(2) | ||
| 100 | _aMittal, Ranjana | ||
| 245 | 0 | _aLeadership: Personal effectiveness and team building | |
| 250 | _a2nd ed. | ||
| 260 |
_aNew Delhi _bVikas Publishing _c2015 |
||
| 300 | _axv, 340 p. | ||
| 500 | _a2113 11/09/2015 HBD15/6497 21/09/2015 Main Budget | ||
| 942 | _cBK | ||
| 999 |
_c15997 _d15997 |
||